000 00974nam a2200301Ia 4500
003 OSt
005 20220928113639.0
006 a|||||r|||| 00| 0
007 ta
008 220927b |||||||| |||| 00| 0 eng d
020 _cUSD 89.95
024 _a139781
037 _b147, 07/02/2019, Classic Book Service
_cTextual
040 _aSDCL
_cSDCL
_beng
041 _2eng
_aeng
082 _aX65:(S:44), Q8
100 _aBachmann Kremena
_9434185
245 0 _aBehavioral finance for private banking
_b From the art of advice to the science of advice
250 _a2nd
260 _aHoboken
_bWiley
_c2018
300 _avii,244p.
_ccm.
490 _aWiley finance series
650 _aFinancial Studies
700 _a Giorgi Enrico G.
_9434186
700 _a Hens Thorsten
_9434187
942 _hX65:(S:44), Q8
_cTEXL
_2CC
999 _c750557
_d750557